2012 CFA Level III Book 3: Fixed Income Portfolio Management, Fixed Income Derivatives, and Equity Portfolio Management (Record no. 1843)

000 -LEADER
fixed length control field 00645nam a22002177a 4500
003 - CONTROL NUMBER IDENTIFIER
control field OSt
005 - DATE AND TIME OF LATEST TRANSACTION
control field 20210427070116.0
008 - FIXED-LENGTH DATA ELEMENTS--GENERAL INFORMATION
fixed length control field 210302s2011 ||||| |||| 00| 0 eng d
020 ## - INTERNATIONAL STANDARD BOOK NUMBER
International Standard Book Number 9781427736123
020 ## - INTERNATIONAL STANDARD BOOK NUMBER
International Standard Book Number 142773612X
040 ## - CATALOGING SOURCE
Original cataloging agency eng
Language of cataloging eng
Transcribing agency DLC
041 ## - LANGUAGE CODE
Language code of text/sound track or separate title eng
080 ## - UNIVERSAL DECIMAL CLASSIFICATION NUMBER
Universal Decimal Classification number 005
Item number K-20
110 ## - MAIN ENTRY--CORPORATE NAME
9 (RLIN) 1213
Corporate name or jurisdiction name as entry element SchweserNotes for the CFA Exam
245 ## - TITLE STATEMENT
Title 2012 CFA Level III Book 3: Fixed Income Portfolio Management, Fixed Income Derivatives, and Equity Portfolio Management
Statement of responsibility, etc. / by: Kaplan Inc
260 ## - PUBLICATION, DISTRIBUTION, ETC.
Place of publication, distribution, etc. USA
Name of publisher, distributor, etc. Kaplan Inc
Date of publication, distribution, etc. 2011
300 ## - PHYSICAL DESCRIPTION
Extent 231 p.
650 #0 - SUBJECT ADDED ENTRY--TOPICAL TERM
9 (RLIN) 324
Topical term or geographic name entry element Management
653 ## - INDEX TERM--UNCONTROLLED
Uncontrolled term მართვა
942 ## - ADDED ENTRY ELEMENTS (KOHA)
Source of classification or shelving scheme
Koha item type Books
Holdings
Withdrawn status Lost status Source of classification or shelving scheme Damaged status Not for loan Permanent location Current location Date acquired Inventory number Total Checkouts Full call number Barcode Date last seen Price effective from Koha item type
          Ken Walker International University Ken Walker International University 03/02/2021 1563   005 K-20 1563 03/02/2021 03/02/2021 Books

Powered by Koha